00252nam a2200097Ia 4500008004100000082000800041100001200049245007200061942000600133999001500139240331s9999 xx 000 0 und d bNEA aNead, L 0aMyths of sexuality :brepresentations of women in victorian Britain cL c1856d1856